000 00561nam a2200229Ia 4500
003 OSt
005 20220924150337.0
006 a|||||r|||| 00| 0
007 ta
008 220923b |||||||| |||| 00| 0 tel d
024 _a332803
037 _cTextual
040 _aARTS
_cARTS
_btel
041 _2tel
_atel
082 _aO35,1LCH,1, K5
100 _aChayapati
_9221893
245 0 _aRaghavabhyudayamu
260 _c1965
650 _aTELUGU POETRY
942 _hO35,1LCH,1, K5
_cTEXL
_2CC
999 _c463011
_d463011